Every 100,000+ city in USA: Kentucky - Statistics

General Stats
  • This quiz has been taken 52 times
  • The average score is 4 of 5
Answer Stats
Letter Population City % Correct
L 380,277 Lexington
98%
L 1,116,790 Louisville
98%
B-G 110,516 Bowling Green
89%
O 102,083 Owensboro
70%
C 106,935 Covington
52%
No matching quizzes found
Score Distribution
Percent of People with Each Score
Percentile by Number Answered
Your Score History
You have not taken this quiz